00701nam a22002057a 450000500170000001000150001702000260003203500140005803700090007208200080008110000170008924500490010625000060015526000480016127000710020930000190028094200220029999900190032195201550034020260604155516.0 aENG-148760 a9789391091644c160.00 aEN-132292 bDBAD a881 aSharma, R.D. aLines From Summer Resort Diary/cR.D. Sharma a1 aGurugrambThe Poetry Society of Indiac2024 aH-23/16, DLF Phase-IbGurugrame122002mthepoetrysoindia@gmail.com a34p.c22cm(hb0 2ddccENh881mSHA c216512d216512 001040708NFICaRKPbRKPd2026-06-04eDelivery of Books Act Divisiong160.00l0o881 SHApEN-132292r2026-06-04 15:55:44t 1v160.00w2026-06-04yEN